000 00343nam a2200145Ia 4500
008 210210b1961 xxu||||| |||| 00| 0 eng d
041 _aeng
082 _a331/162
100 _aPARKER (J B)
245 _aBanking
260 _aLondon
_bThe English Universities Press Ltd.
_c1961
650 _aBanking
690 _aBanking
906 _a004064
999 _c122699
_d122699